Philosophy of Iqbal : (Iqbal and existentialism) (Record no. 11299)
[ view plain ]
| 000 -LEADER | |
|---|---|
| fixed length control field | 00457nam a2200169Ia 4500 |
| 005 - DATE AND TIME OF LATEST TRANSACTION | |
| control field | 20250715172948.0 |
| 008 - FIXED-LENGTH DATA ELEMENTS--GENERAL INFORMATION | |
| fixed length control field | 231207s9999 xx 000 0 und d |
| 040 ## - CATALOGING SOURCE | |
| Transcribing agency | PK-LaNCA |
| 082 ## - DEWEY DECIMAL CLASSIFICATION NUMBER | |
| Classification number | 891.43 |
| Item number | KAZ |
| 100 ## - MAIN ENTRY--PERSONAL NAME | |
| Author Name | Kazmi, Latif Hussain Syed |
| 245 #0 - TITLE STATEMENT | |
| Title | Philosophy of Iqbal : (Iqbal and existentialism) |
| 260 ## - PUBLICATION, DISTRIBUTION, ETC. | |
| Name of publisher, distributor, etc. | A.P.H. Publishing |
| Place of publication, distribution, etc. | New Delhi, India |
| Date of publication, distribution, etc. | 1997 |
| 300 ## - PHYSICAL DESCRIPTION | |
| Pages | 130p |
| 546 ## - LANGUAGE NOTE | |
| Language note | English |
| 650 ## - SUBJECT ADDED ENTRY--TOPICAL TERM | |
| Subject | Urdu Literature |
| 942 ## - ADDED ENTRY ELEMENTS (KOHA) | |
| Koha item type | M. Phil. |
| 999 ## - | |
| -- | 11299 |
| -- | 11299 |
| Withdrawn status | Weedout from Library | Permanent Location | Current Location | Shelving location | Date acquired | Full call number | Barcode | Price effective from | Koha item type |
|---|---|---|---|---|---|---|---|---|---|
| NATIONAL COLLEGE OF ARTS, LAHORE - LIBRARY | NATIONAL COLLEGE OF ARTS, LAHORE - LIBRARY | M.Phil Section Basement of Library | 08/12/2023 | 891.43 KAZ 15123 | 15123 | 08/12/2023 | M. Phil. |